[Event "Udaipur Lakecity rapid op 1st"]
[Site "Udaipur"]
[Date "2019.09.15"]
[Round "6"]
[White "Rahman, Ziaur"]
[Black "Sunny, Bedi"]
[Result "1-0"]
[WhiteElo "2492"]
[BlackElo "1722"]
[PlyCount "69"]
[EventDate "2019.09.14"]
[EventType "swiss (rapid)"]
[EventRounds "9"]
[EventCountry "IND"]
[SourceTitle "EXT 2020"]
[Source "ChessBase"]
[SourceDate "2019.10.17"]
[SourceVersion "1"]
[SourceVersionDate "2019.10.17"]
[SourceQuality "1"]

1. d4 Nf6 2. Bg5 e6 3. e4 Be7 4. Nd2 d5 5. e5 Nfd7 6. Bxe7 Qxe7 7. c3 c5 8. a3 Nc6 9. Ngf3 f6 10. Bb5 cxd4 11. cxd4 fxe5 12. dxe5 0-0 13. Bxc6 bxc6 14. 0-0 c5 15. Qa4 Nb6 16. Qg4 Bd7 17. b4 c4 18. Qd4 Rf5 19. Qe3 Raf8 20. Nd4 Rf4 21. g3 R4f7 22. f4 Rc8 23. Rac1 Rff8 24. Nb1 g6 25. Nc3 Ra8 26. Rb1 Rfb8 27. g4 a5 28. b5 a4 29. f5 gxf5 30. gxf5 exf5 31. e6 Re8 32. Rxf5 Bxe6 33. Rg5+ Kf8 34. Nxe6+ Qxe6 35. Rf1+ 1-0

[Event "Udaipur Lakecity op 3rd"]
[Site "Udaipur"]
[Date "2019.03.31"]
[Round "7"]
[White "Dahale, Atul"]
[Black "Sunny, Bedi"]
[Result "1-0"]
[WhiteElo "2102"]
[BlackElo "1736"]
[PlyCount "69"]
[EventDate "2019.03.28"]
[EventType "swiss"]
[EventRounds "8"]
[EventCountry "IND"]
[SourceTitle "CBM 189 Extra"]
[Source "ChessBase"]
[SourceDate "2019.06.03"]
[SourceVersion "1"]
[SourceVersionDate "2019.06.03"]
[SourceQuality "1"]

1. d4 Nf6 2. c4 e6 3. a3 b6 4. Nc3 d5 5. cxd5 exd5 6. Bg5 Be7 7. e3 0-0 8. Bd3 c5 9. Nge2 Bb7 10. Qc2 Nbd7 11. 0-0 g6 12. Nf4 cxd4 13. exd4 Kg7 14. Rae1 Ng8 15. Bxe7 Nxe7 16. Qd2 Nf6 17. h4 Bc8 18. f3 Bf5 19. g4 Bxd3 20. Nxd3 h5 21. Nf4 hxg4 22. fxg4 Qd7 23. Qg2 Rae8 24. g5 Ne4 25. h5 Nxc3 26. bxc3 Qc6 27. hxg6 Qxc3 28. Nh5+ Kxg6 29. Rf6+ Kh7 30. Rh6+ Kg8 31. Nf6+ Kg7 32. Qf2 Nf5 33. Rxe8 Qc1+ 34. Kh2 Qxg5 35. Rh7+ 1-0

[Event "IND-chT 37th"]
[Site "Bhopal"]
[Date "2017.02.03"]
[Round "2.2"]
[White "Sriram, Jha"]
[Black "Sunny, Bedi"]
[Result "1-0"]
[WhiteElo "2384"]
[BlackElo "1776"]
[PlyCount "70"]
[EventDate "2017.02.02"]
[EventType "team-swiss"]
[EventRounds "9"]
[EventCountry "IND"]
[SourceTitle "CBM 176 Extra"]
[Source "ChessBase"]
[SourceDate "2017.03.02"]
[SourceVersion "1"]
[SourceVersionDate "2017.03.02"]
[SourceQuality "1"]
[WhiteTeam "LIC of India"]
[BlackTeam "Rajastan State"]
[WhiteTeamCountry "IND"]
[BlackTeamCountry "IND"]

1. d4 Nf6 2. c4 e6 3. Nf3 d5 4. Nc3 Bb4 5. cxd5 exd5 6. Bg5 0-0 7. e3 Nbd7 8. Bd3 h6 9. Bh4 c6 10. 0-0 Re8 11. Qc2 Bxc3 12. bxc3 Qa5 13. Nd2 a6 14. a4 Qc7 15. c4 Qd6 16. a5 c5 17. dxc5 Qxc5 18. Rfc1 g5 19. Bg3 Ne5 20. Bxe5 Rxe5 21. Qb2 Ng4 22. cxd5 Qxd5 23. Bc4 Qd6 24. Nf3 Rf5 25. Rd1 Qc7 26. Qd4 Rc5 27. Bd5 Rc2 28. Rd2 Rxd2 29. Qxd2 Bd7 30. Rc1 Bc6 31. Bxc6 h5 32. h3 Rd8 33. Qc3 f6 34. hxg4 hxg4 35. Qc4+ Kg7 1-0